[Event "AUT-chT U18 rapid"]
[Site "Vienna"]
[Date "2023.10.29"]
[Round "2.3"]
[White "Guba, Viktor"]
[Black "Pedevilla, Luis"]
[Result "0-1"]
[WhiteElo "1711"]
[BlackElo "1685"]
[PlyCount "64"]
[EventDate "2023.10.29"]
[EventType "team-swiss"]
[EventRounds "7"]
[EventCountry "AUT"]
[SourceTitle "Mega2024 Update 01"]
[Source "Chessbase"]
[SourceDate "2023.11.12"]
[SourceVersion "1"]
[SourceVersionDate "2023.11.12"]
[SourceQuality "1"]
[WhiteTeam "Vorarlberg U18"]
[BlackTeam "Kaernten U18"]
[WhiteTeamCountry "AUT"]
[BlackTeamCountry "AUT"]

1. e4 c5 2. Nf3 e6 3. d4 cxd4 4. Nxd4 Nf6 5. Nc3 Nc6 6. a3 Be7 7. Be3 a6 8. Be2 0-0 9. Qd2 b5 10. g4 Nxd4 11. Bxd4 Bb7 12. f3 Qc7 13. Rd1 Rad8 14. Qe3 Qb8 15. Bb6 Rc8 16. f4 d5 17. Bd4 Nxe4 18. Nxe4 dxe4 19. c3 Bd6 20. Rf1 e5 21. fxe5 Bxe5 22. Bc5 Rfd8 23. Rxd8+ Rxd8 24. Rf5 Bxh2 25. Kf1 Qg3 26. Qxg3 Bxg3 27. Kg2 Bc7 28. Kf2 g6 29. Rf6 Kg7 30. g5 h6 31. Bd4 Rxd4 32. cxd4 hxg5 0-1

[Event "AUT-ch U16"]
[Site "St Veit"]
[Date "2023.04.06"]
[Round "7"]
[White "Trummer, Alexander"]
[Black "Pedevilla, Luis"]
[Result "1-0"]
[WhiteElo "1785"]
[BlackElo "1784"]
[PlyCount "61"]
[EventDate "2023.04.02"]
[EventType "swiss"]
[EventRounds "7"]
[EventCountry "AUT"]
[SourceTitle "EXT 2024"]
[Source "ChessBase"]
[SourceDate "2023.10.10"]
[SourceVersion "1"]
[SourceVersionDate "2023.10.10"]
[SourceQuality "1"]

1. b3 d5 2. Bb2 Nf6 3. Nf3 c5 4. e3 a6 5. d4 cxd4 6. Nxd4 Nc6 7. c4 Nxd4 8. Bxd4 dxc4 9. Bxc4 b5 10. Be2 Bf5 11. 0-0 Qc7 12. Qc1 Rc8 13. Nd2 Qc2 14. a4 e5 15. Bxe5 Bb4 16. axb5 Qxd2 17. Qxd2 Bxd2 18. bxa6 0-0 19. Bxf6 gxf6 20. Bf3 Bc3 21. Ra2 Bd3 22. Rd1 Bb5 23. a7 Ra8 24. Bxa8 Rxa8 25. Rd5 Be8 26. f4 Kf8 27. Rd6 Ke7 28. Rb6 Bd7 29. Rb8 Bc6 30. Rxa8 Bxa8 31. Rc2 1-0

[Event "AUT-ch U16"]
[Site "St Veit"]
[Date "2023.04.04"]
[Round "4"]
[White "Pedevilla, Luis"]
[Black "Wallinger, Nikolaus"]
[Result "0-1"]
[WhiteElo "1784"]
[BlackElo "1702"]
[PlyCount "80"]
[EventDate "2023.04.02"]
[EventType "swiss"]
[EventRounds "7"]
[EventCountry "AUT"]
[SourceTitle "EXT 2024"]
[Source "ChessBase"]
[SourceDate "2023.10.10"]
[SourceVersion "1"]
[SourceVersionDate "2023.10.10"]
[SourceQuality "1"]

1. e4 c5 2. Nc3 e6 3. f4 a6 4. Nf3 b5 5. g3 Bb7 6. d3 d5 7. exd5 exd5 8. d4 Nf6 9. Bg2 Nbd7 10. 0-0 Be7 11. Kh1 0-0 12. Be3 c4 13. Ne5 b4 14. Ne2 Rc8 15. c3 a5 16. f5 Ne4 17. Bxe4 dxe4 18. Ng4 Bg5 19. Nf4 Nb6 20. Nh3 Bf6 21. Kg1 Nd5 22. Nxf6+ Qxf6 23. Qd2 a4 24. Rf2 a3 25. bxa3 bxc3 26. Qe1 Ra8 27. Rb1 Qc6 28. Nf4 Nxe3 29. Qxe3 Rxa3 30. Rc2 Rfa8 31. d5 Qc7 32. Qxe4 Qc5+ 33. Kf1 Ba6 34. d6 Bb5 35. Nd5 Re8 36. Qf3 Qxd6 37. Rxb5 Qe5 38. Re2 c2 39. Rxc2 Rxf3+ 40. Kg2 Re3 0-1

[Event "AUT-ch U16"]
[Site "St Veit"]
[Date "2023.04.03"]
[Round "3"]
[White "Maier, Tobias"]
[Black "Pedevilla, Luis"]
[Result "1-0"]
[WhiteElo "1614"]
[BlackElo "1784"]
[PlyCount "73"]
[EventDate "2023.04.02"]
[EventType "swiss"]
[EventRounds "7"]
[EventCountry "AUT"]
[SourceTitle "EXT 2024"]
[Source "ChessBase"]
[SourceDate "2023.10.10"]
[SourceVersion "1"]
[SourceVersionDate "2023.10.10"]
[SourceQuality "1"]

1. e4 c5 2. Nf3 e6 3. d4 cxd4 4. Nxd4 Nf6 5. Nc3 Nc6 6. Nxc6 bxc6 7. e5 Nd5 8. Ne4 Qc7 9. f4 Qb6 10. c4 Ne3 11. Qd3 Nxf1 12. Rxf1 Bb4+ 13. Bd2 0-0 14. b3 d5 15. exd6 Rd8 16. 0-0-0 Ba3+ 17. Kb1 f5 18. Be3 Qa5 19. Bd2 Qa6 20. Ng5 h6 21. Nf3 Rxd6 22. Qe3 Qb6 23. Qe5 Qd8 24. Kc2 Bb7 25. Bc3 Qe7 26. Nh4 Re8 27. b4 Rxd1 28. Rxd1 Bxb4 29. Ng6 Qf7 30. Bxb4 Qxg6 31. Rd7 Ba6 32. Bc3 Qxg2+ 33. Kb3 Bxc4+ 34. Kxc4 Qxa2+ 35. Kd3 Qa6+ 36. Kd2 Qa2+ 37. Bb2 1-0

[Event "AUT-ch U16"]
[Site "St Veit"]
[Date "2023.04.02"]
[Round "2"]
[White "Pedevilla, Luis"]
[Black "Gloessl, Sota Alexander"]
[Result "0-1"]
[WhiteElo "1784"]
[BlackElo "2058"]
[PlyCount "80"]
[EventDate "2023.04.02"]
[EventType "swiss"]
[EventRounds "7"]
[EventCountry "AUT"]
[SourceTitle "EXT 2024"]
[Source "ChessBase"]
[SourceDate "2023.10.10"]
[SourceVersion "1"]
[SourceVersionDate "2023.10.10"]
[SourceQuality "1"]

1. e4 d6 2. d4 Nf6 3. Nc3 g6 4. f4 Bg7 5. Nf3 0-0 6. Bd3 Nc6 7. 0-0 e5 8. d5 Nb4 9. fxe5 dxe5 10. Bg5 Qd6 11. Qd2 Nxd3 12. cxd3 c6 13. dxc6 bxc6 14. d4 Nd7 15. Bh6 exd4 16. Bxg7 Kxg7 17. Nxd4 Kg8 18. Rad1 Ne5 19. Qf4 Ba6 20. Rfe1 Qe7 21. Re3 Rad8 22. Nf3 Rxd1+ 23. Nxd1 Rd8 24. Nc3 Nd3 25. Qh6 Nxb2 26. e5 Nc4 27. Ne4 Nxe5 28. h3 Nxf3+ 29. gxf3 Qe5 30. Kg2 Rb8 31. f4 Qa1 32. Kg3 Bc4 33. Kh4 Qd4 34. Re1 Bd5 35. Ng3 c5 36. Re5 f6 37. Re7 Bf7 38. Rxf7 g5+ 39. Kh5 Qd1+ 40. Ne2 Qxe2# 0-1

[Event "AUT-ch Vor4 Internet"]
[Site "Playchess.com INT"]
[Date "2020.04.25"]
[Round "1"]
[White "Doskocil, Klaus"]
[Black "Pedevilla, Luis"]
[Result "1-0"]
[WhiteElo "2157"]
[BlackElo "1650"]
[PlyCount "103"]
[EventDate "2020.04.25"]
[EventType "swiss (blitz)"]
[EventRounds "9"]
[EventCountry "AUT"]
[SourceTitle "EXT 2021"]
[Source "ChessBase"]
[SourceDate "2020.10.23"]
[SourceVersion "1"]
[SourceVersionDate "2020.10.23"]
[SourceQuality "1"]

1. e4 c5 2. c3 Nc6 3. g3 g6 4. Bg2 Bg7 5. f4 e6 6. Nf3 Nge7 7. 0-0 0-0 8. d3 d5 9. e5 b5 10. d4 c4 11. Be3 a5 12. a3 b4 13. axb4 Bb7 14. b5 Na7 15. Na3 Nf5 16. Bf2 Qb6 17. Qa4 Bc8 18. b3 cxb3 19. Qxb3 Bd7 20. Rab1 Rfb8 21. c4 dxc4 22. Nxc4 Qxb5 23. Qxb5 Nxb5 24. g4 Ne7 25. Ra1 a4 26. Rfb1 Ra6 27. Ng5 Bc6 28. Ne4 Rb7 29. Nc5 Bxg2 30. Kxg2 Nd5 31. Nxb7 Nxf4+ 32. Kf3 Nc3 33. Kxf4 Nxb1 34. Rxb1 a3 35. Ra1 Bh6+ 36. Ke4 Bf8 37. Nbd6 a2 38. Kd3 Bh6 39. Be3 Bf8 40. Kc3 h5 41. g5 h4 42. Kb3 Kh7 43. Rxa2 Rxa2 44. Kxa2 Bxd6 45. exd6 Kg8 46. d7 Kg7 47. d8Q h3 48. Nd6 e5 49. Qf6+ Kg8 50. Qxf7+ Kh8 51. Ne8 exd4 52. Bxd4# 1-0

[Event "AUT-ch Vor4 Internet"]
[Site "Playchess.com INT"]
[Date "2020.04.25"]
[Round "5"]
[White "Katter, Katharina"]
[Black "Pedevilla, Luis"]
[Result "1-0"]
[WhiteElo "1930"]
[BlackElo "1650"]
[PlyCount "47"]
[EventDate "2020.04.25"]
[EventType "swiss (blitz)"]
[EventRounds "9"]
[EventCountry "AUT"]
[SourceTitle "EXT 2021"]
[Source "ChessBase"]
[SourceDate "2020.10.23"]
[SourceVersion "1"]
[SourceVersionDate "2020.10.23"]
[SourceQuality "1"]

1. d4 d5 2. Nf3 Bf5 3. c4 e6 4. e3 Nf6 5. Nc3 Be7 6. cxd5 Nxd5 7. Nxd5 exd5 8. Qb3 b6 9. Bb5+ c6 10. Bd3 Bg6 11. 0-0 0-0 12. Ne5 Kh8 13. Bxg6 fxg6 14. Qc2 Qc7 15. e4 dxe4 16. Qxe4 Bd6 17. Bf4 Re8 18. Nxg6+ hxg6 19. Qxe8+ Kh7 20. Bxd6 Qxd6 21. Rad1 a5 22. Rfe1 Ra7 23. Re3 Rd7 24. Rh3# 1-0

[Event "AUT-ch Vor4 Internet"]
[Site "Playchess.com INT"]
[Date "2020.04.25"]
[Round "9"]
[White "Mira, Helene"]
[Black "Pedevilla, Luis"]
[Result "1-0"]
[WhiteElo "2082"]
[BlackElo "1650"]
[PlyCount "79"]
[EventDate "2020.04.25"]
[EventType "swiss (blitz)"]
[EventRounds "9"]
[EventCountry "AUT"]
[SourceTitle "EXT 2021"]
[Source "ChessBase"]
[SourceDate "2020.10.23"]
[SourceVersion "1"]
[SourceVersionDate "2020.10.23"]
[SourceQuality "1"]

1. d4 d5 2. c4 e6 3. Nc3 Nf6 4. Bg5 Be7 5. e3 0-0 6. Nf3 b6 7. cxd5 Nxd5 8. Bxe7 Nxe7 9. Bd3 Bb7 10. Qc2 Bxf3 11. gxf3 g6 12. 0-0-0 Nd5 13. Nxd5 Qxd5 14. Be4 Qxa2 15. Bxa8 c5 16. dxc5 Rc8 17. c6 Qa1+ 18. Kd2 Rd8+ 19. Ke2 Qa6+ 20. Rd3 Re8 21. Bb7 Qb5 22. c7 Nd7 23. c8Q Rxc8 24. Qxc8+ Kg7 25. Qxd7 Qxb2+ 26. Rd2 Qb5+ 27. Qd3 Qh5 28. Qd4+ Kg8 29. Ba6 Qa5 30. Bc4 b5 31. Qf6 h5 32. Rd8+ Qxd8 33. Qxd8+ Kg7 34. Bxb5 a6 35. Bxa6 h4 36. Rc1 e5 37. Rc7 h3 38. Qe7 g5 39. Qxf7+ Kh6 40. Qh7# 1-0

[Event "AUT-ch Vor4 Internet"]
[Site "Playchess.com INT"]
[Date "2020.04.25"]
[Round "4"]
[White "Strasser, Josef1111"]
[Black "Pedevilla, Luis"]
[Result "0-1"]
[WhiteElo "1829"]
[BlackElo "1650"]
[PlyCount "120"]
[EventDate "2020.04.25"]
[EventType "swiss (blitz)"]
[EventRounds "9"]
[EventCountry "AUT"]
[SourceTitle "EXT 2021"]
[Source "ChessBase"]
[SourceDate "2020.10.23"]
[SourceVersion "1"]
[SourceVersionDate "2020.10.23"]
[SourceQuality "1"]

1. d4 d5 2. Nf3 Bf5 3. Bf4 e6 4. e3 Nf6 5. Nbd2 Be7 6. c4 0-0 7. h3 b6 8. Be2 c6 9. cxd5 cxd5 10. 0-0 Nc6 11. Rc1 Rc8 12. a3 Bd6 13. Bxd6 Qxd6 14. Nh4 Bg6 15. Nxg6 hxg6 16. Nf3 Ne7 17. Bd3 Nf5 18. Qd2 Qd7 19. Ne5 Qd6 20. f3 Nd7 21. f4 Nxe5 22. fxe5 Qd7 23. Rc2 Rxc2 24. Bxc2 Rc8 25. Bd3 Rc7 26. Rc1 Rc8 27. Rc3 Rc7 28. Bxf5 gxf5 29. Qc2 Rxc3 30. Qxc3 Kh7 31. Kf2 Kg6 32. Kg3 Kg5 33. Qc2 Qb5 34. h4+ Kg6 35. Qd1 Qxb2 36. a4 Qc3 37. Kf4 Qc8 38. Qf3 Qd8 39. h5+ Kh7 40. Qg3 a6 41. Qh2 b5 42. axb5 axb5 43. g4 fxg4 44. Kxg4 b4 45. Qf4 Qe7 46. e4 b3 47. Qe3 b2 48. Qd3 Kh8 49. exd5 exd5 50. Qc2 Qe6+ 51. Kh4 Qe7+ 52. Kg4 Qb4 53. Qc8+ Kh7 54. Qf5+ Kg8 55. Qc8+ Qf8 56. Qb7 Qa3 57. Qb8+ Kh7 58. Qb6 Qa1 59. e6 b1Q 60. exf7 Qxb6 0-1

[Event "AUT-ch Vor3 Internet"]
[Site "Playchess.com INT"]
[Date "2020.04.17"]
[Round "5"]
[White "Kipman, Felix"]
[Black "Pedevilla, Luis"]
[Result "0-1"]
[WhiteElo "1576"]
[BlackElo "1650"]
[PlyCount "50"]
[EventDate "2020.04.17"]
[EventType "swiss (blitz)"]
[EventRounds "9"]
[EventCountry "AUT"]
[SourceTitle "CBM 195 Extra"]
[Source "ChessBase"]
[SourceDate "2020.05.31"]
[SourceVersion "1"]
[SourceVersionDate "2020.05.31"]
[SourceQuality "1"]

1. e4 c5 2. Nc3 Nc6 3. f4 g6 4. Nf3 Bg7 5. Bb5 e6 6. d3 Nge7 7. a4 0-0 8. 0-0 a6 9. Bc4 d5 10. exd5 exd5 11. Ba2 Be6 12. Bd2 Nb4 13. Ne5 Nxa2 14. Nxa2 Rb8 15. Nc3 Qc7 16. Qe2 Nf5 17. Nf3 Bh6 18. g3 Bg7 19. Ng5 Nd4 20. Qd1 Qd7 21. Re1 Bg4 22. Qc1 h6 23. h3 hxg5 24. hxg4 Qxg4 25. Re3 gxf4 0-1

[Event "AUT-ch Vor2 Internet"]
[Site "Playchess.com INT"]
[Date "2020.04.13"]
[Round "9"]
[White "Pedevilla, Luis"]
[Black "Charaus, Florian"]
[Result "0-1"]
[WhiteElo "1650"]
[BlackElo "2055"]
[PlyCount "88"]
[EventDate "2020.04.13"]
[EventType "swiss (blitz)"]
[EventRounds "9"]
[EventCountry "AUT"]
[SourceTitle "CBM 195 Extra"]
[Source "ChessBase"]
[SourceDate "2020.05.31"]
[SourceVersion "1"]
[SourceVersionDate "2020.05.31"]
[SourceQuality "1"]

1. e4 c6 2. d4 d5 3. Nc3 dxe4 4. Nxe4 Bf5 5. f3 e6 6. c3 Nd7 7. Bd3 Qc7 8. Ne2 Ngf6 9. Bf4 Qb6 10. b3 Nd5 11. Bg3 Be7 12. Qd2 0-0 13. 0-0 c5 14. c4 Nb4 15. dxc5 Nxc5 16. Kh1 Ncxd3 17. a3 Rad8 18. Qc3 Nc6 19. b4 h5 20. c5 Qa6 21. Rfb1 b5 22. cxb6 Qxb6 23. b5 Na5 24. Bc7 Nf2+ 25. Nxf2 Qxf2 26. Bxd8 Bxd8 27. Re1 Bb6 28. Ng3 Bg6 29. Rf1 Qe3 30. Qxe3 Bxe3 31. a4 h4 32. Ne2 Bd3 33. Ra2 Rc8 34. Rd1 Bg6 35. Rb2 Nc4 36. Ra2 h3 37. g3 Bh5 38. g4 Bg6 39. Ng3 Bf4 40. Ne4 Ne3 41. Re1 Bxe4 42. fxe4 Nxg4 43. Rf1 e5 44. Rg1 Ne3 0-1

[Event "AUT-ch Vor2 Internet"]
[Site "Playchess.com INT"]
[Date "2020.04.13"]
[Round "1"]
[White "Pedevilla, Luis"]
[Black "Hochwarter, Martin"]
[Result "0-1"]
[WhiteElo "1650"]
[BlackElo "1932"]
[PlyCount "146"]
[EventDate "2020.04.13"]
[EventType "swiss (blitz)"]
[EventRounds "9"]
[EventCountry "AUT"]
[SourceTitle "CBM 195 Extra"]
[Source "ChessBase"]
[SourceDate "2020.05.31"]
[SourceVersion "1"]
[SourceVersionDate "2020.05.31"]
[SourceQuality "1"]

1. e4 c5 2. Nc3 Nc6 3. f4 g6 4. Bb5 Bg7 5. Bxc6 bxc6 6. Nf3 Nf6 7. d3 Rb8 8. 0-0 0-0 9. Rb1 d6 10. a3 Qa5 11. Qe1 Bg4 12. Bd2 Qc7 13. h3 Be6 14. Qh4 h6 15. f5 gxf5 16. exf5 Bxf5 17. Bxh6 Bg6 18. Bxg7 Kxg7 19. Qg5 Rh8 20. Nh4 Rh5 21. Qg3 Qd7 22. Nxg6 fxg6 23. Rf4 Rf5 24. Rg4 Nxg4 25. Qxg4 Rd8 26. Ne4 Re5 27. Rf1 Qxg4 28. hxg4 Rf8 29. Rxf8 Kxf8 30. Kf2 c4 31. Kf3 cxd3 32. cxd3 Rb5 33. b4 a5 34. Nc3 Re5 35. d4 Re6 36. bxa5 Rf6+ 37. Ke2 Rf4 38. a6 Kg7 39. a7 Rf8 40. d5 Ra8 41. dxc6 Rxa7 42. Nb5 Ra8 43. c7 Kf7 44. a4 Ke8 45. a5 Kd7 46. Kd3 Rxa5 47. Kc4 Rxb5 48. Kxb5 Kxc7 49. Kc4 Kd7 50. Kd5 e6+ 51. Kd4 Ke7 52. g5 Kd7 53. Ke4 Kc6 54. Kd4 Kb5 55. Ke4 Kc4 56. Ke3 d5 57. Kd2 d4 58. Ke2 e5 59. Kd2 e4 60. Ke2 Kc3 61. Kd1 d3 62. g4 e3 63. Ke1 Kc2 64. Kf1 d2 65. Ke2 d1Q+ 66. Kxe3 Qd5 67. Kf4 Kd3 68. Kg3 Qxg5 69. Kh3 Ke3 70. Kg3 Qf4+ 71. Kh4 Kf3 72. Kh3 Qxg4+ 73. Kh2 Qg2# 0-1

[Event "AUT-ch Vor1 Internet"]
[Site "Playchess.com INT"]
[Date "2020.04.11"]
[Round "3"]
[White "Galler, Alexander"]
[Black "Pedevilla, Luis"]
[Result "1-0"]
[WhiteElo "1772"]
[BlackElo "1650"]
[PlyCount "125"]
[EventDate "2020.04.11"]
[EventType "swiss (blitz)"]
[EventRounds "9"]
[EventCountry "AUT"]
[SourceTitle "CBM 195 Extra"]
[Source "ChessBase"]
[SourceDate "2020.05.31"]
[SourceVersion "1"]
[SourceVersionDate "2020.05.31"]
[SourceQuality "1"]

1. e4 c5 2. Nc3 Nc6 3. f4 g6 4. Nf3 Bg7 5. Bb5 e6 6. 0-0 Nge7 7. Qe1 a6 8. Bxc6 bxc6 9. d3 d5 10. e5 Nf5 11. g4 Nd4 12. Nxd4 cxd4 13. Ne2 c5 14. Qg3 h5 15. g5 a5 16. h4 a4 17. Bd2 a3 18. b3 Bb7 19. Rac1 Qc7 20. c3 dxc3 21. Nxc3 Qc6 22. Na4 d4 23. Rxc5 Qh1+ 24. Kf2 Qf3+ 25. Qxf3 Bxf3 26. Kxf3 Bf8 27. Rc7 Be7 28. Rfc1 Bd8 29. Rb7 0-0 30. Bb4 Re8 31. Bxa3 Ba5 32. Rc6 Bc3 33. Rcc7 Rf8 34. Bxf8 Rxf8 35. Nc5 Ba5 36. Rd7 Bd8 37. b4 f6 38. gxf6 Bxf6 39. exf6 Rxf6 40. Rg7+ Kf8 41. Rgc7 Kg8 42. Rb8+ Rf8 43. Rxf8+ Kxf8 44. Nxe6+ Ke8 45. Nxd4 Kd8 46. Rg7 Ke8 47. Rxg6 Kf7 48. Rg5 Kf6 49. Rxh5 Kg6 50. Rg5+ Kh6 51. b5 Kh7 52. b6 Kh6 53. a4 Kh7 54. a5 Kh6 55. a6 Kh7 56. a7 Kh6 57. b7 Kh7 58. Rc5 Kg6 59. a8Q Kf6 60. b8Q Kg6 61. Qa6+ Kh7 62. Qbb7+ Kh8 63. Rc8# 1-0

[Event "AUT-ch U12"]
[Site "St Veit"]
[Date "2019.06.09"]
[Round "3.12"]
[White "Loretz, Jonas"]
[Black "Pedevilla, Luis"]
[Result "1-0"]
[WhiteElo "1222"]
[BlackElo "1701"]
[PlyCount "65"]
[EventDate "2019.06.08"]
[EventType "swiss"]
[EventRounds "7"]
[EventCountry "AUT"]
[SourceTitle "EXT 2024"]
[Source "ChessBase"]
[SourceDate "2023.10.10"]
[SourceVersion "1"]
[SourceVersionDate "2023.10.10"]
[SourceQuality "1"]

1. e4 c5 2. Nf3 Nc6 3. Nc3 g6 4. Bc4 Bg7 5. d3 a6 6. 0-0 e6 7. Re1 Nge7 8. Be3 b6 9. a3 d5 10. exd5 exd5 11. Bxd5 Nxd5 12. Nxd5 Qxd5 13. Bxc5+ Be6 14. Bxb6 0-0 15. d4 Rab8 16. Bc5 Rfd8 17. c3 Rxb2 18. Re2 Rdb8 19. h3 Bxh3 20. gxh3 Qxf3 21. Re8+ Rxe8 22. Qxf3 Na5 23. Bb4 Nb3 24. Qc6 Rd8 25. Re1 Bxd4 26. Re8+ Rxe8 27. Qxe8+ Kg7 28. cxd4 Nxd4 29. Qe5+ Kg8 30. Qxd4 Rb1+ 31. Kg2 Rc1 32. Bc3 Kf8 33. Qd8# 1-0

[Event "AUT-ch U12"]
[Site "St Veit"]
[Date "2019.06.09"]
[Round "4.14"]
[White "Pedevilla, Luis"]
[Black "Ertugrul, Ege"]
[Result "1-0"]
[WhiteElo "1701"]
[BlackElo "998"]
[PlyCount "81"]
[EventDate "2019.06.08"]
[EventType "swiss"]
[EventRounds "7"]
[EventCountry "AUT"]
[SourceTitle "EXT 2024"]
[Source "ChessBase"]
[SourceDate "2023.10.10"]
[SourceVersion "1"]
[SourceVersionDate "2023.10.10"]
[SourceQuality "1"]

1. e4 e5 2. Nf3 Nc6 3. Bb5 d5 4. Nxe5 Qg5 5. Nxc6 Qxg2 6. Rf1 Qxe4+ 7. Qe2 Qxe2+ 8. Kxe2 Bd7 9. Nd4 Nf6 10. f3 Bc5 11. Bxd7+ Nxd7 12. Nf5 Rg8 13. d4 Bf8 14. Nc3 Nf6 15. Bg5 0-0-0 16. Rae1 Re8+ 17. Kd2 Bd6 18. Nxd6+ cxd6 19. Nb5 Kd7 20. Rxe8 Nxe8 21. Nxa7 Nc7 22. a4 f6 23. Bf4 g5 24. Bg3 Ra8 25. Nb5 Ne8 26. b3 f5 27. Rg1 f4 28. Bf2 h6 29. h4 Nf6 30. hxg5 hxg5 31. Rxg5 Rh8 32. Rf5 Ne8 33. Rxf4 Rh2 34. Ke3 Kc6 35. Rf8 Nc7 36. Rc8 Kb6 37. Rxc7 Rh1 38. Rd7 Ka5 39. Ke2 b6 40. Be1+ Ka6 41. Ra7# 1-0

[Event "AUT-ch U12"]
[Site "St Veit"]
[Date "2019.06.08"]
[Round "2.9"]
[White "Pedevilla, Luis"]
[Black "Gschiel, Alexander"]
[Result "0-1"]
[WhiteElo "1701"]
[BlackElo "1757"]
[PlyCount "118"]
[EventDate "2019.06.08"]
[EventType "swiss"]
[EventRounds "7"]
[EventCountry "AUT"]
[SourceTitle "EXT 2024"]
[Source "ChessBase"]
[SourceDate "2023.10.10"]
[SourceVersion "1"]
[SourceVersionDate "2023.10.10"]
[SourceQuality "1"]

1. e4 c5 2. Nc3 d6 3. f4 g6 4. Nf3 Bg7 5. Bc4 Nc6 6. d3 e6 7. 0-0 Nge7 8. a3 a6 9. Qe1 0-0 10. Qh4 Nd4 11. Nxd4 cxd4 12. Ne2 d5 13. Ba2 dxe4 14. dxe4 b5 15. Bd2 Bb7 16. Bb4 Re8 17. Ng3 Nc6 18. Qxd8 Rexd8 19. Bd2 d3 20. c3 Na5 21. b3 Rac8 22. Rac1 Bf8 23. c4 Nc6 24. c5 Nd4 25. b4 Ne2+ 26. Kh1 Nxc1 27. Rxc1 Bh6 28. Kg1 e5 29. Kf2 Bxf4 30. Ke1 h5 31. Bxf4 exf4 32. Nf1 Bxe4 33. g3 fxg3 34. hxg3 Bd5 35. Bxd5 Rxd5 36. Kd2 Re8 37. Re1 Rxe1 38. Kxe1 g5 39. Kd2 h4 40. gxh4 gxh4 41. Nh2 h3 42. Nf3 Rf5 43. c6 Rf6 44. Ne5 Re6 45. c7 Re8 46. Nxd3 Rc8 47. Nf2 h2 48. Kd3 Rxc7 49. Kd2 Rc4 50. Nh1 Rg4 51. Kc3 Rg1 52. Kd4 Rxh1 53. Kc5 Ra1 54. Kb6 Rxa3 55. Ka7 h1Q 56. Kb8 Qc6 57. Ka7 Qc7+ 58. Ka8 a5 59. bxa5 Rxa5# 0-1